000 00450nam a2200193Ia 4500
008 170918s9999 xx 000 0 und d
020 _a553213873
050 _bK292 1990
100 _aKeller, Helen
245 4 _aThe story of my life /
245 _cHelen Keller.
260 _aNew York :
260 _bBantam Books,
260 _c1990
300 _a225 pages :
300 _bcolored illustration ;
300 _c18cm.
500 _a1090
999 _c342379
_d342379